B03 バス停名クイズ - 西日本JRバス ver. - Statistics

General Stats
  • This quiz has been taken 20 times
  • The average score is 68 of 263
Answer Stats
Answer % Correct
金沢駅(金沢港口)
82%
京都駅前
64%
園部駅
64%
近江今津駅
55%
小浜駅
55%
四条大宮
55%
大宮五条
45%
大宮松原
45%
烏丸御池
45%
北野白梅町
45%
京北合同庁舎前
45%
香林坊
45%
下京区総合庁舎前
45%
周山
45%
千本旧二条
45%
千本三条・朱雀立命館前
45%
千本丸太町
45%
大将軍
45%
高雄
45%
栂ノ尾
45%
七条大宮・京都水族館前
45%
西ノ京円町
45%
二条駅前
45%
橋場町・ひがし茶屋街
45%
福知山駅
45%
槇ノ尾
45%
武蔵ヶ辻・近江町市場
45%
森本駅
45%
立命館大学前
45%
リファーレ前
45%
竜安寺前
45%
わら天神前
45%
大場
36%
御室
36%
御室仁和寺
36%
加賀八田口
36%
金沢駅東口
36%
上中
36%
神谷内
36%
園部河原町
36%
兼六園下・金沢城
36%
兼六元町
36%
蒲生
36%
四条烏丸
36%
高雄病院前
36%
公園センター
36%
鶴宮
36%
鳴和
36%
加賀八田
36%
東山
36%
桧山
36%
不動寺
36%
府立体育館前
36%
丸太町御前通
36%
丸太町七本松
36%
南町・尾山神社
36%
森本市民センター
36%
森山
36%
山城中川
36%
若狭熊川
36%
広坂・21世紀美術館
36%
医王病院前
27%
今津西町
27%
今津東小学校
27%
菟原
27%
大場新町
27%
長田
27%
遠敷
27%
小野上ノ町
27%
小野郷
27%
小野下ノ町
27%
尾張町
27%
春日町
27%
堅田町
27%
上藺生
27%
烏丸丸太町
27%
観音峠
27%
グリーンハイツ
27%
向陽高校前
27%
小坂
27%
小坂中
27%
御所口
27%
御所ノ口
27%
御所町
27%
御所町一丁目
27%
御所町二丁目北
27%
御所町二丁目南
27%
湖陽住宅
27%
湖陽住宅口
27%
才田
27%
三宝寺
27%
下六人部
27%
周山下町
27%
須知高校前
27%
新平野駅口
27%
園部大橋
27%
高雄小学校前
27%
丹波梅田
27%
丹波大身
27%
塚崎
27%
トラックセンター前
27%
長江口
27%
農協会館前
27%
農林総合研究センター
27%
八田北
27%
東金沢駅
27%
東長江
27%
深谷口
27%
深谷中の湯
27%
深谷元湯
27%
福王子
27%
福久東
27%
ふるさと公園
27%
文化庁前・府庁前
27%
法光寺
27%
保坂
27%
御経坂
27%
道の駅若狭熊川宿
27%
妙心寺北門前
27%
三和橋
27%
百坂
27%
山の上
27%
吉原町
27%
嵐電妙心寺駅前
27%
六枚町
27%
若狭大森
27%
JA森本支店前
27%
芦渕
18%
天増川口
18%
生野里
18%
井尻
18%
市の谷
18%
上松
18%
菟原下
18%
梅ケ畑清水町
18%
梅原口
18%
瓜生口
18%
瓜生天満前
18%
近江追分
18%
近江杉山
18%
近江角川
18%
大樋町
18%
大身下
18%
長田野体育館前
18%
長田野中橋
18%
長田郵便局前
18%
小野郷口
18%
上大久保
18%
上木崎
18%
上中病院前
18%
上ノ畑橋
18%
上弘部
18%
亀石町
18%
川登橋
18%
関電前
18%
木崎橋
18%
北安江
18%
北山グリーンガーデン前
18%
北山生協前
18%
北山中川
18%
京丹波町病院前
18%
金福寺前
18%
勤労者体育センター前
18%
九手神社前
18%
栗尾町
18%
検見坂
18%
古野
18%
御所にし公園前
18%
御所ニュータウン口
18%
御所町一丁目中
18%
御所町会館前
18%
御所町二丁目中
18%
琴滝道
18%
坂井
18%
ざぜん草前
18%
三軒家
18%
山王口
18%
山王町一丁目
18%
山王町二丁目
18%
自然運動公園前
18%
下ノ段
18%
下大久保
18%
下大杉
18%
下地
18%
下新町
18%
下弘部
18%
下弘部東
18%
下三俣
18%
市役所前
18%
常照寺下
18%
城北市民運動公園(金沢プール前)
18%
城北市民運動公園口(金沢循環器病院前)
18%
照蓮寺下
18%
新須知
18%
新道口
18%
新水戸
18%
信用金庫前
18%
杉阪口
18%
砂子池
18%
星稜高校
18%
18%
園部宮町
18%
大興寺
18%
高田
18%
高鼻町
18%
高柳イータウン前
18%
滝ノ町
18%
竹野口
18%
橘町
18%
丹波池田
18%
丹波岩崎
18%
丹波新橋
18%
丹波高原
18%
丹波萩原
18%
丹波水戸
18%
丹波三俣
18%
丹波和田
18%
地域医療機構金沢病院
18%
出口妙見前
18%
天徳寺
18%
天理教前
18%
東市場
18%
峠北口
18%
等持院道
18%
等持院南町
18%
多保市
18%
中川学校前
18%
なかよし広場
18%
鳴滝松本町
18%
野木口
18%
日笠
18%
毘沙門橋
18%
平岡八幡前
18%
平野口
18%
弘川口
18%
弘川交番西
18%
広芝町
18%
福知山城公園前
18%
細野口
18%
細見千束
18%
細見辻
18%
菩提道
18%
堀越
18%
本町口
18%
松ヶ瀬
18%
南御所
18%
三宅小学校前
18%
夫婦橋
18%
八千代橋
18%
柳瀬
18%
夕日寺小学校前
18%
湯岡
18%
湯岡橋
18%
ロイヤルヒルホテル
18%
六ノ坪
18%
若狭仮屋
18%
若狭神谷
18%
若狭国分
18%
丹波土師
9%
土師新町
9%
松縄手
9%
松本病院前
9%
No matching quizzes found
Score Distribution
Percent of People with Each Score
Percentile by Number Answered
Your Score History
You have not taken this quiz